| 000 | 00441nam a22001697a 4500 | ||
|---|---|---|---|
| 003 | BD-DhUL | ||
| 005 | 20210105113525.0 | ||
| 008 | 180724snd. xx ||||| |||| 00| 0 urd d | ||
| 040 |
_aBD-DhUL _cBD-DhUL |
||
| 082 |
_a891.4309 _bAKK |
||
| 100 | 0 | _aاختر اور نیوی | |
| 245 | 1 |
_aکسوئی / _cاختر اور نیوی |
|
| 260 |
_a: _b، _c۔ |
||
| 300 |
_aص۔ ۱۲۸ ؛ _c۲۰ سم۔ |
||
| 650 | 4 | _aUrdu fiction | |
| 942 |
_2ddc _cBK |
||
| 999 |
_c242681 _d242681 |
||